Подробности
| 000 -МАРКЕР |
| контрольное поле |
03359nam0a2200433 4500 |
| 001 - ИДЕНТИФИКАТОР ЗАПИСИ |
| контрольное поле |
RU\NLR\BIBL_A\011379532 |
| 005 - ИДЕНТИФИКАТОР ВЕРСИИ |
| контрольное поле |
20260405152401.0 |
| 020 ## - НОМЕР ДОКУМЕНТА В НАЦИОНАЛЬНОЙ БИБЛИОГРАФИИ |
| Код страны |
российская федерация |
| Номер |
2105 |
| Основное заглавие издания Российской книжной палаты |
Сводный каталог листовок первых лет Советской власти (25 октября (7 ноября) 1917 - 1925) Т.1. Листовки высших органов государственной власти и управления, центральных партийных, профсоюзных, комсомольских и других организаций. Ч.1.-2 |
| 035 ## - ДРУГИЕ СИСТЕМНЫЕ НОМЕРА |
| Идентификатор записи |
(NLR Aleph) 011379532 |
| 100 ## - ДАННЫЕ ОБЩЕЙ ОБРАБОТКИ |
| Данные общей обработки |
20170502d1921 |||y0rusy50 ca |
| 101 0# - ЯЗЫК РЕСУРСА |
| Язык текста, звукозаписи и т.д. |
русский |
| 102 ## - СТРАНА ПУБЛИКАЦИИ ИЛИ ПРОИЗВОДСТВА |
| Страна публикации |
российская федерация |
| 105 ## - ПОЛЕ КОДИРОВАННЫХ ДАННЫХ: ТЕКСТОВЫЕ МАТЕРИАЛЫ, МОНОГРАФИЧЕСКИЕ |
| Кодированные данные о монографическом текстовом документе |
y z 000zy |
| 135 ## - ПОЛЕ КОДИРОВАННЫХ ДАННЫХ: ЭЛЕКТРОННЫЕ РЕСУРСЫ |
| Кодированные данные для электронного ресурса |
crgn 008apaba |
| 200 1# - ЗАГЛАВИЕ И СВЕДЕНИЯ ОБ ОТВЕТСТВЕННОСТИ |
| Основное заглавие |
Дети - голодным детям |
| Сведения, относящиеся к заглавию |
[листовка] |
| 210 ## - ПУБЛИКАЦИЯ, РАСПРОСТРАНЕНИЕ И ДР. |
| Место издания, распространения и т.д. |
Оханск |
| Имя издателя, распространителя и т. д. |
Тип. Экон. отд. |
| Дата издания, распространения и т.д. |
1921 |
| 215 ## - ФИЗИЧЕСКАЯ ХАРАКТЕРИСТИКА |
| Специфическое обозначение материала и объем |
2 с. |
| Размеры |
19х15 |
| 300 ## - ОБЩИЕ ПРИМЕЧАНИЯ |
| Текст примечания |
Подпись: Президиум ЦК Союза работников просвещения |
| 300 ## - ОБЩИЕ ПРИМЕЧАНИЯ |
| Текст примечания |
В конце текста: Работникам просвещения. "Печатая выше письмо Иорданского и обращение ЦК Союза, Уком Всеработпрос и УОНО призывает вас широко развить дело помощи детей - детям...". Предукома Бурдина, зав. УОНО Шардаков |
| 325 1# - ПРИМЕЧАНИЕ О КОПИИ |
| Текст примечания |
Копия доступна в Электронной библиотеке РНБ |
| 540 1# - ДОПОЛНИТЕЛЬНОЕ ЗАГЛАВИЕ, ПРИМЕНЯЕМОЕ КАТАЛОГИЗАТОРОМ |
| Заглавие |
Работникам просвещения. "Печатая выше письмо Иорданского и обращение ЦК Союза, Уком Всеработпрос и УОНО призывает вас широко развить дело помощи детей - детям...". Предукома Бурдина, зав. УОНО Шардаков |
| 540 1# - ДОПОЛНИТЕЛЬНОЕ ЗАГЛАВИЕ, ПРИМЕНЯЕМОЕ КАТАЛОГИЗАТОРОМ |
| Заглавие |
"Печатая выше письмо Иорданского и обращение ЦК Союза, Уком Всеработпрос и УОНО призывает вас широко развить дело помощи детей - детям...". Предукома Бурдина, зав. УОНО Шардаков |
| 607 ## - ГЕОГРАФИЧЕСКОЕ НАИМЕНОВАНИЕ КАК ПРЕДМЕТ |
| Географическое наименование |
РСФСР |
| Формальный подзаголовок |
Листовки |
| Тематический подзаголовок |
Политика и управление |
| Географический подзаголовок |
1917 - 1925 |
| Системный номер авторитетной/нормативной записи |
2312782 |
| Идентификатор авторитетной/нормативной записи |
RU\NLR\auth\6601609564 |
| 686 0# - ИНДЕКСЫ ДРУГИХ КЛАССИФИКАЦИЙ |
| Индекс |
Т3(2)71-313,011 |
| 686 1# - ИНДЕКСЫ ДРУГИХ КЛАССИФИКАЦИЙ |
| Индекс |
Ф72(2)925.13,011 |
| 702 #1 - ИМЯ ЛИЦА - ВТОРИЧНАЯ ОТВЕТСТВЕННОСТЬ |
| Начальный элемент ввода |
Бурдина |
| Код отношения |
Подписавшее лицо |
| 702 #1 - ИМЯ ЛИЦА - ВТОРИЧНАЯ ОТВЕТСТВЕННОСТЬ |
| Код отношения |
Подписавшее лицо |
| Графика поля |
Кириллица |
| Материалы, к которым относится поле |
rus |
| Начальный элемент ввода |
Шардаков |
| Часть имени, кроме начального элемента ввода |
М. Н. |
| Дополнения к именам, кроме дат |
деятель народного образования |
| -- |
д-р психол. наук |
| Даты |
1895-1961 |
| Расширение инициалов личного имени |
Михаил Николаевич |
| Системный номер авторитетной/нормативной записи |
174977 |
| Идентификатор авторитетной/нормативной записи |
RU\NLR\AUTH\770175028 |
| 702 #1 - ИМЯ ЛИЦА - ВТОРИЧНАЯ ОТВЕТСТВЕННОСТЬ |
| Код отношения |
Прочие |
| Материалы, к которым относится поле |
rus |
| Графика поля |
Кириллица |
| Начальный элемент ввода |
Иорданский |
| Часть имени, кроме начального элемента ввода |
Н. И. |
| Даты |
1876-1928 |
| Расширение инициалов личного имени |
Николай Иванович |
| Идентификатор авторитетной/нормативной записи |
RU\NLR\AUTH\7763476 |
| Системный номер авторитетной/нормативной записи |
46405 |
| 711 02 - НАИМЕНОВАНИЕ ОРГАНИЗАЦИИ - АЛЬТЕРНАТИВНАЯ ОТВЕТСТВЕННОСТЬ |
| Начальный элемент ввода |
Союз работников просвещения СССР |
| Структурное подразделение |
ЦК |
| -- |
Президиум |
| Системный номер авторитетной/нормативной записи |
557080 |
| Идентификатор авторитетной/нормативной записи |
RU\NLR\AUTH\880446741 |
| 852 00 - МЕСТОНАХОЖДЕНИЕ И ШИФР ХРАНЕНИЯ |
| Идентификатор организации |
NLR |
| Наименование фонда или коллекции (Sub-Location Identifier) |
ФЛ |
| Шифр хранения (Call Number) |
11/162 |
| 942 ## - ДОПОЛНИТЕЛЬНЫЕ ЭЛЕМЕНТЫ ЗАПИСИ (АБИС) |
| Тип экземпляра АБИС |
Книга |
| 980 ## - КОЛЛЕКЦИЯ |
| Название коллекции |
Национальная библиография |
| 981 21 - КОЛЛЕКЦИЯ ЭЛЕКТРОННОЙ БИБЛИОТЕКИ |
| Название коллекции |
Листовки |
| Название подколлекции |
|